03386nab a22006257 4500003000900000022001400009040001800023041000800041044000700049245003800056260002500094300004300119505001100162505004200173505001900215505015100234505003600385505002700421505009200448505011600540505003900656505002700695505007200722505003400794505006400828505013300892505009201025505004201117505003001159505013301189505002201322505008701344505004001431505003101471505011601502505002301618505010201641505003801743505009501781505005001876505008601926505007602012505005002088505004802138505002502186505007302211505005402284505003002338505005602368505009002424505007802514505006102592650003302653773007402686AR-RoUNA a0327-9022 aAR-RoUNAbspa aspa aag aSumma+ / bPATRIMONIO INTERVENIDO aBuenos Aires ,c1993 a144 p. :bil. byn.bplanosc34 X25 cm.0 tINDICE0 tPATRIMONIO INTERVENIDO - Buenos Aires0 tNAVES Y BARCOS0 aPaulo Gastón Flores / Consolidación, reciclaje y obra nueva del ex Mercado de Pescado / Centro Metropolitano de Diseño, Barracas, 2010. p. 40 tPATRIMONIO INTERVENIDO - Madrid0 tESTÉTICA DE LA RUINA0 aArturo Franco / Antiguo Matadero Leagzpi / Nave 88, Paseo de la Chopera 14, 2009. p. 240 aArturo Franco y Fabrice Van Teslaart / Antiguo Matadero Legazpi / Nave 17C, Paseo de la chopera 14, 2006. p. 280 tPATRIMONIO INTERVENIDO - Salamanca0 tTESORO CONTEMPORÁNEO0 aAntón García - Abril / Museo de América, España, 2010. p 360 tPATRIMONIO INTERVENIDO - Roma0 aOdile Decq y Benoit Goenette / Terrotorios sensuales. p. 460 aOdile Decq & Bendit Cornette arqs, urbanistas / Extensión del Museo de arte contemporáneo de la ciudad de Roma, 2011. p. 460 aCarlos Edgardo Comas / Reflexiones recientes: reforma, reciclaje, restauración. p. 560 tPATRIMONIO INTERVENIDO - Buenos Aires0 tRECUPERACIÓN INNOVADORA0 aEstudio Maliar Bonardo, GHBF Estudio, Patricia Mallar, Bimba Bonardo, Federico Borghini, Hernán Galati / Edificio Insud. p. 620 tVIENTOS DE CAMBIO0 aHampton+Rivoira+arqs. / Edificio Alsina 771, Sede Medanito S.A, Bs As, 2009. p. 740 aPATRIMONIO INTERVENIDO - Montevideo0 tINYECCIÓN DE NUEVOS USOS0 aFranceso Comerci / Edificio del Centro de formación de la cooperación española en Montevideo, 2009. p. 820 tDOBLE ECLECTICISMO0 aRafael Lorente, Fernando Giordano / Edificio Oficinas - Plaza Independencia, Uruguay, 2010. p. 900 tPATRIMONIO INTERVENIDO - Débate0 aGuillermina Abeledo / Reciclaje, ciudad y patrimonio: apuntes sobre una discusión. p. 940 tMIAMI - Un ¨Pato¨en un ¨Galpón¨. p. 1020 aGehry Partners / New World Center / Campus de la New World Symphony, 2011. p. 1020 aEric Goldemberg / La Metamorfosis: el diseño como catalizador. p. 1100 aMonad Studio: Dinámica experimental. p. 1180 aRoberto Behar / Ciudad del mañana. p. 1220 tFRAGMENTOS - Rosario0 aDaniel VIII / Fisuras en la academia: los talleres del Obrar. p. 1300 aIgnacio Rios de Olano / Chiloé en Papel. p. 1330 tFRAGMENTOS - Disquisiones0 aRafael E. J Iglesia / La Iglesia y la Carpa. p. 1340 aRoberto Fernández / América según Rugendas: cronista del paisaje social. p. 1390 aMario Sabugo / Firpo, Dempsey y el Faro del Barolo: primer round. p. 1420 aPablo Güiraldes / La medida de los sustentable. p. 144 aArquitectura contemporánea0 aSumma+dBuenos Aires, ArgentinagNº115 (jun-2011), p. 144x0327-9022